An investigation into syntactic and semantic features of some English demensional adjectives and their vietnamese equivalents

Introduction; Literature review and theoretical background; Methods and procedures...

Kaydedildi:
Detaylı Bibliyografya
Yazar: Hoàng, Thị Hoà.
Diğer Yazarlar: Nguyễn Thị Tuyết, M.A (Hướng dẫn.)
Materyal Türü: Bilinmiyor
Dil:English
Baskı/Yayın Bilgisi: Đà Nẵng : Đại học Đà Nẵng, 2010.
Konular:
Etiketler: Etiketle
Etiket eklenmemiş, İlk siz ekleyin!
Thư viện lưu trữ: Mạng thư viện Đại học Đà Nẵng
LEADER 02873na a2200373 4500
001 000031754
003 7079
005 20230724105218.0
008 151001s2010 000 eng
040 |a LNN 
041 |a ENG 
082 |a 420.4  |b HO-H 
100 1 |a Hoàng, Thị Hoà. 
245 1 3 |a An investigation into syntactic and semantic features of some English demensional adjectives and their vietnamese equivalents  |h [Thesis-Luận văn thạc sĩ] /  |c Hoàng Thị Hoà; Nguyễn Thị Tuyết hướng dẫn. 
260 |a Đà Nẵng :  |b Đại học Đà Nẵng,  |c 2010. 
300 |a 125tr. ;  |c 29 cm. +  |e 1 tóm tắt. 
500 |a M.A thesis in the English language. 
520 3 |a Introduction; Literature review and theoretical background; Methods and procedures... 
630 0 4 |a Tiếng Anh. 
650 0 4 |a English language  |x Investigation. 
700 1 |a Nguyễn Thị Tuyết,  |c M.A,  |e Hướng dẫn. 
OWN |a LNN 
AVA |a UDN50  |b LNN  |c English  |d 420.4 HO-H  |e available  |t Error 5001 Not defined in file expand_doc_bib_avail.  |f 1  |g 0  |h N  |i 0  |j AN  |k 1 
Z40 3 |y An investigation into syntactic and semantic features of some English demensional adjectives and the  |l Library of UFL  |t VIEW  |x http://catalog.udn.vn:80/F?func=service&doc_library=UDN01&local_base=UDN01&doc_number=000031754&sequence=000001&line_number=0001&func_code=DB_RECORDS&service_type=MEDIA  |f summary_000033700.pdf  |e pdf  |s 000499427  |k 20240415  |m NTMTHI 
Z40 3 |y An investigation into syntactic and semantic features of some English demensional adjectives and the  |l Library of UFL  |t VIEW  |x http://catalog.udn.vn:80/F?func=service&doc_library=UDN01&local_base=UDN01&doc_number=000031754&sequence=000002&line_number=0002&func_code=DB_RECORDS&service_type=MEDIA  |f luanvanhoaCh06-09_000033702.pdf  |e pdf  |s 001512160  |k 20240415  |m NTMTHI 
999 |a From the UDN01 
AVA |a UDN50  |b LNN  |c English  |d 420.4 HO-H  |e available  |t Error 5001 Not defined in file expand_doc_bib_avail.  |f 1  |g 0  |h N  |i 0  |j AN  |k 1 
TYP |a Printed language 
856 |y An investigation into syntactic and semantic features of some English demensional adjectives and the  |l Library of UFL  |t VIEW  |x http://catalog.udn.vn:80/F?func=service&doc_library=UDN01&local_base=UDN01&doc_number=000031754&sequence=000001&line_number=0001&func_code=DB_RECORDS&service_type=MEDIA  |f summary_000033700.pdf  |e pdf  |s 000499427  |k 20240415  |m NTMTHI 
856 |y An investigation into syntactic and semantic features of some English demensional adjectives and the  |l Library of UFL  |t VIEW  |x http://catalog.udn.vn:80/F?func=service&doc_library=UDN01&local_base=UDN01&doc_number=000031754&sequence=000002&line_number=0002&func_code=DB_RECORDS&service_type=MEDIA  |f luanvanhoaCh06-09_000033702.pdf  |e pdf  |s 001512160  |k 20240415  |m NTMTHI 
980 |a Mạng thư viện Đại học Đà Nẵng